Catalog

Record Details

Catalog Search



Teorie a metody politického marketingu  Cover Image Book Book

Teorie a metody politického marketingu / Roman Chytilek, Otto Eibl, Anna Matušková a kol.

Summary:

Kořeny, koncepty i vybrané nástroje politického marketingu, volební kampaně, základy politické komunikace, přehled nových komunikačních nástrojů atd.

Record details

  • ISBN: 978-80-7325-281-6 (brož.) :
  • Physical Description: 341 s. : il. ; 23 cm
  • Edition: 1. vyd.
  • Publisher: Brno : Centrum pro studium demokracie a kultury, 2012

Content descriptions

Bibliography, etc. Note:
Obsahuje bibliografie
Subject: politický marketing
political marketing
Genre: kolektivní monografie
collective monographs

Available copies

  • 1 of 1 copy available at Common Catalog SPOK.

Holds

  • 0 current holds with 1 total copy.
Show Only Available Copies
Location Call Number / Copy Notes Barcode Shelving Location Status Due Date
Jabok Library Soc-5 424480035379 Odborná literatura Available -

LDR 02833nam a2200745 a 4500
00118706
003CZ-PrJAB
00520140709105631.0
007ta
008120919s2012 xr a e 000 0 cze
015 . ‡acnb002397900
020 . ‡a978-80-7325-281-6 (brož.) : ‡cKč 349,00
035 . ‡a(CZ PrSKC)nkc20122397900
035 . ‡a(OCoLC)817050136
040 . ‡aOLA001 ‡bcze ‡dBOA001 ‡dABA001
072 7. ‡a32 ‡xPolitika ‡2Konspekt ‡915
080 . ‡a32.019.5:659.1 ‡2MRF
080 . ‡a(048.8:082) ‡2MRF
1001 . ‡aChytilek, Roman, ‡d1976- ‡7mzk2005269763 ‡4aut
24510. ‡aTeorie a metody politického marketingu / ‡cRoman Chytilek, Otto Eibl, Anna Matušková a kol.
250 . ‡a1. vyd.
260 . ‡aBrno : ‡bCentrum pro studium demokracie a kultury, ‡c2012
300 . ‡a341 s. : ‡bil. ; ‡c23 cm
504 . ‡aObsahuje bibliografie
520 . ‡aKořeny, koncepty i vybrané nástroje politického marketingu, volební kampaně, základy politické komunikace, přehled nových komunikačních nástrojů atd.
65007. ‡apolitický marketing ‡7ph337764 ‡2czenas
65009. ‡apolitical marketing ‡2eczenas
655 7. ‡akolektivní monografie ‡7fd501537 ‡2czenas
655 9. ‡acollective monographs ‡2eczenas
7001 . ‡aEibl, Otto ‡7pna2009482697 ‡4aut
7001 . ‡aMatušková, Anna, ‡d1978- ‡7jo2009480581 ‡4aut
910 . ‡aABG312
9289 . ‡aCentrum pro studium demokracie a kultury (CDK)
9289 . ‡aCDK
901 . ‡a18706 ‡b ‡c18706 ‡tbiblio

Additional Resources